000 00768nam a22002532 4500
001 0000020715
003 OSt
005 20230328164913.0
008 111005s xx 000 0 eng d
020 _a0393664874
040 _aKABU
_cKABU
050 _aP95.82
_b.U6I94 2019
100 1 _aIyengar, Shanto.
245 1 0 _aMedia politics :
_ba citizen's guide /
_cShanto Iyengar, Jennifer McGrady.
250 _a4th ed.
260 _aNew York :
_bW. W. Norton,
_c2019
300 _axviii, 390p.
650 0 _aMass media
_xPolitical aspects
_zUnited States.
650 0 _aPress and politics
_zUnited States.
651 0 _aUnited States
_xpolitics and government.
908 _a111005
942 _2lcc
_cBK
999 _c20091
_d20090